[Event "ISR-chT U14"]
[White "Uritsky, Yonathan"]
[Black "Semo, Sagy"]
[Site "Afula"]
[Round "1"]
[Result "1-0"]
[Date "2022.08.21"]
[WhiteElo "2130"]
[BlackElo "1307"]
[PlyCount "81"]
[EventDate "2022.08.21"]
[EventType "team-tourn"]
[EventRounds "9"]
[EventCountry "ISR"]
[SourceTitle "CBM 210 Extra"]
[Source "ChessBase"]
[SourceDate "2022.11.30"]
[SourceVersion "1"]
[SourceVersionDate "2022.11.30"]
[SourceQuality "1"]

1. Nf3 d5 2. g3 Bf5 3. Bg2 Nf6 4. 0-0 e6 5. c4 c6 6. b3 h6 7. Bb2 Be7 8. d3 0-0 9. Nbd2 Nbd7 10. a3 a5 11. Ra2 Re8 12. Qa1 Bf8 13. Bc3 Nc5 14. Rd1 Nfd7 15. Ne1 Bg4 16. f3 Bh5 17. d4 Na6 18. Nd3 Bd6 19. e4 Qe7 20. e5 Bc7 21. Nf4 Bg6 22. Nxg6 fxg6 23. Qb1 g5 24. Nf1 Bb6 25. Kh1 Rf8 26. Ne3 Qf7 27. Qd3 h5 28. Rf1 g6 29. Bh3 Kg7 30. cxd5 cxd5 31. f4 g4 32. Bg2 Nc7 33. h3 gxh3 34. Bxh3 Qe7 35. Kg2 Rf7 36. Kh2 Raf8 37. Ng2 Nb8 38. Nh4 Nc6 39. Qxg6+ Kh8 40. Qh6+ Kg8 41. Ng6 1-0